000 00592nam a22001577a 4500
003 OSt
005 20240831115946.0
008 240831b ||||| |||| 00| 0 eng d
040 _cAIMIT LIBRARY
100 _aB S,Nithin.
_eGuide.
_9178383
245 _aStudy on the impact of non clinical facilities on employee satisfactio in Indiana Hospital Mangalore /
_cBy Nithin B S ; Guided by Annette Sonia Maben.
260 _aMangalore ;
_c2024.
700 _aMaben, Annette Sonia.
_eGuide.
_9178384
856 _3Indiana Hospital and Institute Limited.
_ywww.indianahahospital.in
942 _2ddc
_cPRO
999 _c231681
_d231681